LIBRARY & INFORMATION CENTRE, KCAET, TAVANUR

ONLINE PUBLIC ACCESS CATALOGUE (OPAC)

Development and testing of potting mixture filling machine for filling grow bags (Record no. 15726)

MARC details
000 -LEADER
fixed length control field 00393nam a22001337a 4500
003 - CONTROL NUMBER IDENTIFIER
control field OSt
082 ## - DEWEY DECIMAL CLASSIFICATION NUMBER
Classification number 631.3
Item number AMA/D
088 ## - REPORT NUMBER
Report number T 461
100 ## - MAIN ENTRY--AUTHOR NAME
Personal name Amal Dev J
245 ## - TITLE STATEMENT
Title Development and testing of potting mixture filling machine for filling grow bags
260 ## - PUBLICATION, DISTRIBUTION, ETC. (IMPRINT)
Place of publication Tavanur
Name of publisher Department of Farm Machinery and Power Engineering
Year of publication 2019
700 ## - ADDED ENTRY--PERSONAL NAME
Personal name Jayan P r (Guide)
942 ## - ADDED ENTRY ELEMENTS (KOHA)
Koha item type Theses
Holdings
Collection code Home library Current library Shelving location Full call number Accession Number Koha item type Public note
Reference KAUAET KAUAET Reference 631.3 AMA/D T 461 Theses M.Tech Thesis
free website counter